African Coastal Cities - Sudden Death - Statistics

General Stats
  • This quiz has been taken 94 times
  • The average score is 5 of 15
Answers on the Grid
Answers color-coded by a green-red scale on the quiz's grid according to % correct below.
Abuja
Accra
Addis Ababa
Alexandria
Algiers
Antananarivo
Asmara
Bamako
Benghazi
Bloemfontein
Brazzaville
Cairo
Cape Town
Casablanca
Dakar
Dar es Salaam
Djibouti
Durban
Gabarone
Harare
Hargeisa
Johannesburg
Khartoum
Kinshasa
Lusaka
Luxor
Maputo
Marrakesh
Mbabane
Mogadishu
Mombasa
Monrovia
Nairobi
Pretoria
Tripoli
Windhoek
 
Answer Stats
Answer % Correct
Alexandria
67%
Algiers
59%
Accra
58%
Cape Town
50%
Djibouti
39%
Tripoli
39%
Dakar
35%
Casablanca
32%
Dar es Salaam
32%
Mombasa
27%
Benghazi
26%
Durban
24%
Mogadishu
23%
Monrovia
23%
Maputo
14%
No matching quizzes found
Score Distribution
Percent of People with Each Score
Percentile by Number Answered
Your Score History
You have not taken this quiz